Peninsulas By Cities - Statistics

General Stats
  • This quiz has been taken 53 times
    50 since last reset
  • The average score is 10 of 15
Answer Stats
Cities Peninsula % Correct
Tampa, Orlando, Miami Florida
98%
Madrid, Lisbon, Barcelona Iberian
94%
Seoul, Busan, Ulsan Korea
91%
Mecca, Dubai, Sana'a Arabian
87%
Stockholm, Oslo, Gothenburg Scandinavia
85%
Cabo San Lucas, Loreto, Puerto San Carlos Baja California
79%
Athens, Sofia, Belgrade Balkan
79%
Sevastopol, Yalta, Feodosiya Crimea
79%
Merida, Cancun, Champoton Yucatan
74%
Brest, Rennes, Quimper Brittany
60%
Bangkok, Hanoi, Kuala Lumpur Indochina
57%
Petropavlovsk-Kamchatsky, Palana, Yelizovo Kamchatka
55%
Athens, Piraeus, Kallithea Attica
15%
Kuala Lumpur, Malacca, Georgetown Malacca
13%
Mumbai, Chennai, Bengaluru Hindustan
6%
No matching quizzes found
Score Distribution
Percent of People with Each Score
Percentile by Number Answered
Your Score History
You have not taken this quiz since the last reset